000 00713cab a22002055a 4500
001 L159984
008 150113e2016 xxk 000 0 eng d
035 _a(Sirsi) u159984
041 0 _aeng
050 _a658.404 $2 18
100 1 _aWinter, Laura
245 0 0 _aBest practice
_h[electronic resource]
260 _aLondon
_bRICS
_c2016
490 _aRICS Building Surveying Journal
_vOctober 2016 - November 2016, 17(1)
520 _aReveals the many benefits of sustainable procurement.
650 2 4 _aPROCUREMENT
_96260
690 _aSustainability
_96271
856 4 0 _uhttps://www.rics.org/Global/BSJ-BCJ%20Oct%20Nov%202016%20Interactive.pdf
_zView the article free of charge at www.rics.org...
942 _n0
999 _c85101
_d85101